000 00463nam a2200193Ia 4500
005 20250423095056.0
008 250422s9999 xx 000 0 und d
020 _a978-007-124474
050 _aQA 39.3 .R67/
100 _aRosen Kenneth H
245 0 _aDiscrete Mathematics and Its Applicatons
250 _a6th ed.
260 _aNew York
260 _bMcGraw-Hill
260 _c2007
300 _a843 p
650 _aDiscrete Mathematics
942 _cBK
999 _c29165
_d29165